000 01300nam a2200361 a 4500
001 21182
003 VRT
005 20260224105232.0
008 250414s1979 xo 0 slo
015 _aSNBA1979
035 _aSNK000059760
039 9 _a202504141140
_bVLOAD
_c202403152308
_dVLOAD
_c201808151811
_dVLOAD
_c201808151811
_dVLOAD
040 _aSNK
_bslo
_cSNK
_eAACR2
041 0 _axo
044 _axo
_cSK
080 _a885.4-1
_21981
100 1 _aKostra, Ján,
_d1910-1975
_4aut
245 1 0 _aBásne
_cJán Kostra ; Vincent Šabík, Miloš Tomčík
250 _a1. vyd.
260 _aBratislava
_bSlovenský spisovateľ
_c1979
_eLiptovský Mikuláš
_fTlačiarne SNP
300 _a296 s., 8,26 AH
_c19 cm
366 _e3000 výtl.
490 0 _aKnižnica Slovenského spisovateľa
700 1 _aŠabík, Vincent,
_d1937-
_4com
700 1 _aTomčík, Miloš,
_d1922-2009
_4[ADC]
942 _2ddc
_cKLDO
_n0
949 _6273K0300425
_asvkpoA 115110
_bsvkpo266741
949 _6273K0300426
_asvkpoA 115110a
_bsvkpo266744
949 _617A0030030
_9P60, <04>, [BOOK], {604}
_asnkSD 49329 D1
949 _63830001115236
_akurukT18/KOST2-17
_bkuruk2016/F4246
_oD2016/SAV, cez Príhodovú FFKU/25.2.2015
999 _c21182
_d21182